500 rokov priehradného staviteľstva na území Slovenska

Z histórie stavania priehrad na Slovensku. Prvá priehrada na území dnešného Slovenska bola postavená pred 500 rokmi.

Saved in:
Bibliographic Details
Main Author: Holčík, Vladimír
Other Authors: Rybár, Martin
Format: Book Chapter
Language:Slovak
Subjects:
Tags: Add Tag
No Tags, Be the first to tag this record!

MARC

LEADER 00000naa$a2200000$$$4500
001 0114945
005 20231207140847.9
041 0 |a slo 
044 |a SK 
245 1 0 |a 500 rokov priehradného staviteľstva na území Slovenska  |c Vladimír Holčík, Martin Rybár 
520 |a Z histórie stavania priehrad na Slovensku. Prvá priehrada na území dnešného Slovenska bola postavená pred 500 rokmi. 
610 2 0 |a stavby vodné 
610 2 0 |a staviteľstvo vodné 
610 2 0 |a priehrady 
610 2 0 |a Slovensko 
610 2 0 |a história 
100 1 |a Holčík, Vladimír 
700 1 |a Rybár, Martin